000 00780nam a2200277Ia 4500
001 Z_64
003 CHAP
008 220113s1982 xx 000 0 und d
010 _a163030
040 _cCHAP
082 _a636.08 B3
100 _aBarker, J S F ,ed.
_9137249
245 _aFuture developments in the genetics improvement of animals /
_ced. by J. S. F. Barker, Keith Hammond and A. E. McClintock
260 _aSydney :
_bAcademic Press,
_c1982
300 _a228 p.
440 _a
500 _a
503 _a146372, 150579
650 _aGenética animal I. Hammond, Keith, ed. II. McClintock, A. E., ed. III. t.
_9137250
901 _a636.08 B3
902 _aA
910 _a1982
942 _c1
942 _cc1
999 _c163030
_d163030